| 000 | 00795nam a2200241 i 4500 | ||
|---|---|---|---|
| 001 | 83626 | ||
| 003 | ES-MaACL | ||
| 005 | 20251003185047.0 | ||
| 007 | t| | ||
| 008 | 041117s1964 sp ||||1| spa d | ||
| 080 | _a940.42(047) | ||
| 100 | 1 |
_aJacobsen, Hans-Adolf. _965853 |
|
| 245 | 1 | 0 |
_aBatallas cruciales de la Segunda Guerra Mundial / _cpor H.A. Jacobsen y J. Rhower ; [traducción de Manuel Vázquez y Ángel Sabrido]. |
| 250 | _a1ª ed. | ||
| 260 |
_aBarcelona : _bPlaza & Janés, _c1964. |
||
| 300 |
_a746 p., [15] h. de lám. ; _c22 cm. |
||
| 650 | 4 |
_aGuerra mundial, 1939-1945- _xCampañas. _913230 |
|
| 700 | 1 |
_aRhower, J. _996663 |
|
| 700 | 1 |
_aVázquez Tomás, Manuel _9113375 |
|
| 700 | 1 |
_aSabrido, Ángel. _9101219 |
|
| 852 |
_aES-MaACL _jC-26405 |
||
| 999 |
_c83626 _d83626 |
||